| 000 | 00719nam a2200253Ia 4500 | ||
|---|---|---|---|
| 003 | OSt | ||
| 005 | 20221007095157.0 | ||
| 006 | a|||||r|||| 00| 0 | ||
| 007 | ta | ||
| 008 | 221006b |||||||| |||| 00| 0 eng d | ||
| 020 | _a8189479008 | ||
| 024 | _a1,010 | ||
| 037 | _cReference Collections | ||
| 040 |
_aLCO _cLCO _beng |
||
| 041 |
_2eng _aeng |
||
| 082 | _aZ2,95, P5 | ||
| 100 |
_aWalia A.S. _9700915 |
||
| 245 | 0 |
_aCan Society Escape The Noose....? _b The Death Penalty in India |
|
| 260 |
_aNew _bDelhi Human Rights Law Network India _c2005 |
||
| 300 | _a1036 | ||
| 650 |
_aDeath Penalty _9700916 |
||
| 942 |
_hZ2,95, P5 _cREF |
||
| 999 |
_c1170573 _d1170573 |
||